<?xml version="1.0" encoding="UTF-8"?>
<record
    xmlns:xsi="http://www.w3.org/2001/XMLSchema-instance"
    xsi:schemaLocation="http://www.loc.gov/MARC21/slim http://www.loc.gov/standards/marcxml/schema/MARC21slim.xsd"
    xmlns="http://www.loc.gov/MARC21/slim">

  <leader>00746nmm a2200205   4500</leader>
  <controlfield tag="001">86306</controlfield>
  <controlfield tag="003">ES-MaACL</controlfield>
  <controlfield tag="005">20230906175422.0</controlfield>
  <controlfield tag="007">t|</controlfield>
  <controlfield tag="008">041223s1999    sp m    |  |  101 m spa d</controlfield>
  <datafield tag="080" ind1=" " ind2=" ">
    <subfield code="a">026:7(063)</subfield>
  </datafield>
  <datafield tag="111" ind1="2" ind2=" ">
    <subfield code="a">Encuentro de Bibliotecas de Arte de Espa&#xF1;a y Portugal (</subfield>
    <subfield code="n">7&#xBA;. </subfield>
    <subfield code="d">1999.</subfield>
    <subfield code="c">Madrid)</subfield>
    <subfield code="9">618</subfield>
  </datafield>
  <datafield tag="245" ind1="1" ind2="0">
    <subfield code="a">VII Encuentros BAEP [</subfield>
    <subfield code="h">Recurso electr&#xF3;nico] </subfield>
    <subfield code="b">: [ponencias].</subfield>
  </datafield>
  <datafield tag="246" ind1="3" ind2=" ">
    <subfield code="a">Encuentros BAEP </subfield>
    <subfield code="b">: ponencias [</subfield>
    <subfield code="h">Recurso electr&#xF3;nico]</subfield>
  </datafield>
  <datafield tag="260" ind1=" " ind2=" ">
    <subfield code="a">[Santander] : </subfield>
    <subfield code="b">Fundaci&#xF3;n Marcelino Bot&#xED;n, </subfield>
    <subfield code="c">1999.</subfield>
  </datafield>
  <datafield tag="300" ind1=" " ind2=" ">
    <subfield code="a">1 disco compacto (CD-ROM) ; </subfield>
    <subfield code="c">12 cm.</subfield>
  </datafield>
  <datafield tag="650" ind1="1" ind2="4">
    <subfield code="a">Bibliotecas de arte-</subfield>
    <subfield code="v">Congresos y asambleas.</subfield>
    <subfield code="9">10542</subfield>
  </datafield>
  <datafield tag="710" ind1="2" ind2=" ">
    <subfield code="a">Fundaci&#xF3;n Marcelino Bot&#xED;n.</subfield>
    <subfield code="9">4365</subfield>
  </datafield>
  <datafield tag="852" ind1=" " ind2=" ">
    <subfield code="a">ES-MaACL</subfield>
    <subfield code="j">ROT 1/5/17</subfield>
  </datafield>
  <datafield tag="999" ind1=" " ind2=" ">
    <subfield code="c">86306</subfield>
    <subfield code="d">86306</subfield>
  </datafield>
  <datafield tag="952" ind1=" " ind2=" ">
    <subfield code="0">0</subfield>
    <subfield code="1">0</subfield>
    <subfield code="2">udc</subfield>
    <subfield code="4">0</subfield>
    <subfield code="7">0</subfield>
    <subfield code="a">ATENEOM</subfield>
    <subfield code="b">ATENEOM</subfield>
    <subfield code="c">DEPO</subfield>
    <subfield code="d">2008-01-17</subfield>
    <subfield code="l">0</subfield>
    <subfield code="o">ROT 1/5/17</subfield>
    <subfield code="p">1090175</subfield>
    <subfield code="r">2023-02-23 00:00:00</subfield>
    <subfield code="w">2023-02-23</subfield>
    <subfield code="y">CDROM</subfield>
  </datafield>
</record>
